<?xml version="1.0" encoding="UTF-8"?><?xml-stylesheet type="text/xsl" href="static/style.xsl"?><OAI-PMH xmlns="http://www.openarchives.org/OAI/2.0/" xmlns:xsi="http://www.w3.org/2001/XMLSchema-instance" xsi:schemaLocation="http://www.openarchives.org/OAI/2.0/ http://www.openarchives.org/OAI/2.0/OAI-PMH.xsd"><responseDate>2026-04-14T03:23:49Z</responseDate><request verb="GetRecord" identifier="oai:www.recercat.cat:2117/438920" metadataPrefix="marc">https://recercat.cat/oai/request</request><GetRecord><record><header><identifier>oai:recercat.cat:2117/438920</identifier><datestamp>2025-07-22T14:01:03Z</datestamp><setSpec>com_2072_1033</setSpec><setSpec>col_2072_452951</setSpec></header><metadata><record xmlns="http://www.loc.gov/MARC21/slim" xmlns:dcterms="http://purl.org/dc/terms/" xmlns:xsi="http://www.w3.org/2001/XMLSchema-instance" xmlns:doc="http://www.lyncode.com/xoai" xsi:schemaLocation="http://www.loc.gov/MARC21/slim http://www.loc.gov/standards/marcxml/schema/MARC21slim.xsd">
   <leader>00925njm 22002777a 4500</leader>
   <datafield ind2=" " ind1=" " tag="042">
      <subfield code="a">dc</subfield>
   </datafield>
   <datafield ind2=" " ind1=" " tag="720">
      <subfield code="a">Jilali Boujida, Omnia</subfield>
      <subfield code="e">author</subfield>
   </datafield>
   <datafield ind2=" " ind1=" " tag="260">
      <subfield code="c">2025-07-02</subfield>
   </datafield>
   <datafield ind2=" " ind1=" " tag="520">
      <subfield code="a">Aquest Treball de Fi de Grau se centra en la proposta d’un sistema de recàrrega per a vehicles elèctrics en un edifici residencial en construcció. L’objectiu principal és fomentar l’autoconsum energètic mitjançant la instal·lació de plaques solars a la coberta de l’edifici i l’ús de bateries d’emmagatzematge. S’han plantejat diversos punts de recàrrega a l’aparcament, i també s’ha estudiat la possibilitat d’aprofitar l’energia generada per alimentar les zones comunes de l’edifici, com la il·luminació o l’ascensor, amb la finalitat de reduir al màxim la dependència de la xarxa elèctrica convencional.
A més, s’ha pogut fer un seguiment directe de l’evolució de la construcció durant les pràctiques, cosa que ha permès adaptar el projecte a situacions reals. Finalment, s’ha inclòs un estudi econòmic per avaluar si la proposta seria rendible a llarg termini.</subfield>
   </datafield>
   <datafield ind2=" " ind1=" " tag="520">
      <subfield code="a">Este trabajo final de grado presenta una propuesta realista y innovadora para la gestión energética de un conjunto residencial en construcción ubicado en Sant Pere de Ribes. El objetivo principal ha sido diseñar una solución integrada que combina la generación fotovoltaica, el almacenamiento con baterías y la recarga de vehículos eléctricos, de tal manera que se reduzca la dependencia de la red eléctrica y se adapte el conjunto residencial a los nuevos hábitos de consumo. El proyecto parte de una observación directa y continuada de la obra, lo que ha permitido seguir de cerca cómo se iban ejecutando las distintas fases, revisar los planos y comprender cómo se aplicaban en la realidad. A partir de esta experiencia en el día a día, se han podido detectar situaciones concretas y desarrollar soluciones técnicas ajustadas a las condiciones reales del conjunto. Esta aproximación práctica ha hecho posible plantear una propuesta técnica, flexible, coherente, viable y alineada con las exigencias actuales del sector residencial. El sistema diseñado comprende una instalación fotovoltaica distribuida entre las dos cubiertas, un conjunto de puntos de recarga para vehículos eléctricos y un sistema de almacenamiento energético capaz de cubrir los consumos nocturnos, especialmente cuando no hay producción solar. Toda la instalación se ha dimensionado y configurado para optimizar el autoconsumo, dar soporte a los servicios comunes y garantizar una instalación eficiente y segura, siguiendo la normativa técnica vigente. Después de analizar los resultados obtenidos, se puede decir que el sistema diseñado no solo es técnicamente viable, sino que también aporta beneficios concretos en términos de eficiencia energética, reducción de costes y aprovechamiento de recursos renovables. Su diseño flexible permite adaptarlo a otros edificios con necesidades similares, convirtiéndolo en un sistema transferible y de utilidad real en el contexto actual. Este trabajo refleja cómo la ingeniería, aplicada a situaciones reales, puede ofrecer soluciones efectivas y sostenibles. A través del uso responsable de la tecnología, se demuestra que es posible mejorar la eficiencia energética en los edificios residenciales y contribuir de forma práctica a la transición energética.</subfield>
   </datafield>
   <datafield ind2=" " ind1=" " tag="520">
      <subfield code="a">This final degree project presents a realistic and innovative proposal for energy management in a residential complex under construction located in Sant Pere de Ribes. The main objective has been to design an integrated solution that combines photovoltaic generation, battery storage, and electric vehicle charging, to reduce dependence on the electrical grid and adapt the residential complex to new consumption habits. The project is based on direct and continuous observation of the construction site, which has made it possible to closely follow the progress of each phase, review the plans, and understand how they were implemented in practice. This day-to-day experience has made it possible to identify specific situations and develop technical solutions adapted to the real conditions of the complex. This practical approach has enabled the development of a flexible, coherent, and viable technical proposal aligned with the current demands of the residential sector. The system designed includes a photovoltaic installation distributed across both rooftops, a set of electric vehicle charging points, and an energy storage system capable of covering nighttime consumption, especially when there is no solar production. The entire installation has been sized and configured to optimize self-consumption, support shared services, and ensure an efficient and safe setup in accordance with current technical regulations. After analyzing the results, it can be concluded that the system is not only technically feasible but also provides tangible benefits in terms of energy efficiency, cost reduction, and the use of renewable resources. Its flexible design allows it to be adapted to other buildings with similar needs, making it a transferable and practically useful system in the current context. This work highlights how engineering applied to real situations can provide effective and sustainable solutions. It shows that, through the responsible use of technology, it is possible to improve energy efficiency in residential buildings and contribute in a practical way to the energy transition.</subfield>
   </datafield>
   <datafield ind1="8" ind2=" " tag="024">
      <subfield code="a">http://hdl.handle.net/2117/438920</subfield>
   </datafield>
   <datafield tag="653" ind2=" " ind1=" ">
      <subfield code="a">Àrees temàtiques de la UPC::Enginyeria elèctrica</subfield>
   </datafield>
   <datafield tag="653" ind2=" " ind1=" ">
      <subfield code="a">Àrees temàtiques de la UPC::Energies::Energia solar fotovoltaica</subfield>
   </datafield>
   <datafield tag="653" ind2=" " ind1=" ">
      <subfield code="a">Photovoltaic power generation</subfield>
   </datafield>
   <datafield tag="653" ind2=" " ind1=" ">
      <subfield code="a">Electric vehicles</subfield>
   </datafield>
   <datafield tag="653" ind2=" " ind1=" ">
      <subfield code="a">Autoconsumo</subfield>
   </datafield>
   <datafield tag="653" ind2=" " ind1=" ">
      <subfield code="a">Energía solar</subfield>
   </datafield>
   <datafield tag="653" ind2=" " ind1=" ">
      <subfield code="a">Baterías</subfield>
   </datafield>
   <datafield tag="653" ind2=" " ind1=" ">
      <subfield code="a">Vehículo eléctrico</subfield>
   </datafield>
   <datafield tag="653" ind2=" " ind1=" ">
      <subfield code="a">carregadors</subfield>
   </datafield>
   <datafield tag="653" ind2=" " ind1=" ">
      <subfield code="a">Recarga</subfield>
   </datafield>
   <datafield tag="653" ind2=" " ind1=" ">
      <subfield code="a">Sostenibilidad</subfield>
   </datafield>
   <datafield tag="653" ind2=" " ind1=" ">
      <subfield code="a">Almacenamiento</subfield>
   </datafield>
   <datafield tag="653" ind2=" " ind1=" ">
      <subfield code="a">Construcción</subfield>
   </datafield>
   <datafield tag="653" ind2=" " ind1=" ">
      <subfield code="a">Consumo energético</subfield>
   </datafield>
   <datafield tag="653" ind2=" " ind1=" ">
      <subfield code="a">Energia solar fotovoltaica</subfield>
   </datafield>
   <datafield tag="653" ind2=" " ind1=" ">
      <subfield code="a">Vehicles elèctrics</subfield>
   </datafield>
   <datafield ind2="0" ind1="0" tag="245">
      <subfield code="a">Optimización energética e implementación de un sistema de carga inteligente para vehículos eléctricos en un conjunto residencial en Sant Pere de Ribes</subfield>
   </datafield>
</record></metadata></record></GetRecord></OAI-PMH>